000
00311nam a22001337a 4500
008
210428b ||||| |||| 00| 0 eng d
041
_a
eng
080
_a
030
082
_a
030
100
_a
23
101
_a
ENC
245
_a
Biographical Encyclopedia of Mathematicians
_c
Franceschetti,D.R
942
_2
udc
_c
BK
999
_c
56874
_d
56874